Cyclisme : coureurs au départ du Tour de France 2022 - Statistiques

Statistiques générales
  • Ce quiz a été pris 1 986 fois
    1 972 depuis la dernière actualisation
  • Le résultat moyen est 56 sur 176
Statistiques - réponses
Dos UAE Team Emirates % Correct
1 Tadej Pogacar
98%
18 Jonas Vingegaard
92%
11 Primož Roglič
90%
16 Wout Van Aert
90%
91 David Gaudu
87%
97 Thibaut Pinot
86%
111 Romain Bardet
85%
77 Benjamin Thomas
84%
21 Geraint Thomas
84%
151 Nairo Quintana
78%
71 Guillaume Martin
76%
152 Warren Barguil
76%
15 Christophe Laporte
75%
101 Mathieu Van der Poel
75%
181 Peter Sagan
75%
28 Adam Yates
71%
191 Christopher Froome
71%
14 Sepp Kuss
67%
96 Valentin Madouas
67%
61 Enric Mas
65%
5 Rafał Majka
65%
161 Caleb Ewan
64%
25 Tom Pidcock
64%
51 Fabio Jakobsen
63%
141 Rigoberto Urán
62%
105 Jasper Philipsen
61%
31 Ben O'Connor
58%
94 Stefan Küng
57%
41 Aleksandr Vlasov
56%
6 Brandon McNulty
56%
171 Mads Pedersen
53%
217 Pierre Rolland
53%
131 Alexey Lutsenko
52%
12 Tiesj Benoot
50%
22 Daniel Martínez
49%
146 Magnus Cort
49%
7 Marc Soler
49%
56 Yves Lampaert
48%
36 Bob Jungels
47%
84 Matej Mohorič
45%
34 Benoît Cosnefroy
44%
58 Florian Sénéchal
44%
8 Marc Hirschi
44%
201 Michael Matthews
44%
147 Neilson Powless
44%
124 Louis Meintjes
43%
185 Pierre Latour
43%
3 Mikkel Bjerg
42%
2 Georges Bennett
40%
57 Michael Mørkøv
40%
38 Aurélien Paret-Peintre
39%
24 Filippo Ganna
39%
196 Hugo Houle
39%
27 Dylan van Baarle
38%
198 Michael Woods
38%
204 Dylan Groenewegen
37%
44 Lennard Kämna
37%
17 Nathan Van Hooydonck
37%
175 Bauke Mollema
36%
98 Michael Storer
36%
187 Anthony Turgis
35%
13 Steven Kruijswijk
35%
211 Franck Bonnamour
34%
23 Jonathan Castroviejo
34%
52 Kasper Asgreen
34%
73 Simon Geschke
33%
86 Dylan Teuns
32%
81 Jack Haig
32%
163 Philippe Gilbert
32%
82 Damiano Caruso
31%
74 Ion Izagirre
31%
93 Kevin Geniets
31%
121 Alexander Kristoff
30%
172 Giulio Ciccone
30%
63 Gorka Izagirre
30%
46 Nils Politt
30%
76 Anthony Perez
29%
95 Olivier Le Gac
29%
166 Brent Van Moer
28%
26 Luke Rowe
28%
186 Daniel Oss
27%
37 Oliver Naesen
27%
143 Alberto Bettiol
26%
85 Luis León Sánchez
26%
54 Mattia Cattaneo
26%
193 Simon Clarke
26%
173 Tony Gallopin
26%
75 Victor Lafay
26%
188 Alexis Vuillermoz
25%
178 Jasper Stuyven
25%
68 Carlos Verona
24%
194 Jakob Fuglsang
24%
184 Mathieu Burgaudeau
24%
47 Maximilian Schachmann
24%
45 Patrick Konrad
24%
4 Vegard Stake Laengen
24%
116 Andreas Leknessund
23%
115 Chris Hamilton
22%
48 Danny van Poppel
22%
88 Fred Wright
22%
64 Matteo Jorgenson
22%
33 Mikaël Cherel
22%
72 Pierre-Luc Périchon
22%
168 Tim Wellens
22%
92 Antoine Duchesne
21%
182 Edvald Boasson Hagen
21%
144 Stefan Bissegger
21%
126 Adrien Petit
20%
183 Maciej Bodnar
20%
42 Felix Grossschartner
19%
155 Hugo Hofstetter
19%
113 John Degenkolb
19%
55 Mikkel Frølich Honoré
19%
176 Quinn Simmons
19%
127 Taco van der Hoorn
19%
112 Alberto Dainese
18%
53 Andrea Bagioli
18%
213 Alexis Gougeard
17%
216 Luca Mozzato
17%
156 Matis Louvel
17%
158 Connor Swift
16%
32 Geoffrey Bouchard
16%
162 Frederik Frison
15%
43 Marco Haller
15%
208 Nick Schultz
15%
102 Silvan Dillier
15%
35 Stan Dewulf
15%
212 Cyril Barthe
14%
136 Gianni Moscon
14%
65 Gregor Mühlberger
14%
62 Imanol Erviti
14%
87 Jan Tratnik
14%
153 Maxime Bouet
14%
78 Max Walscheid
13%
66 Nélson Oliveira
13%
165 Andreas Kron
12%
167 Florian Vermeersch
12%
128 Georg Zimmermann
12%
214 Jeremy Lecroq
12%
192 Guillaume Boivin
11%
142 Ruben Guerreiro
11%
195 Guy Niv
10%
202 Jack Bauer
10%
207 Luka Mezgec
10%
203 Luke Durbridge
10%
174 Alex Kirsch
9%
154 Amaury Capiot
9%
125 Andrea Pasqualon
9%
215 Cyril Lemoine
9%
107 Kristian Sbaragli
9%
197 Krists Neilands
9%
103 Michael Gogl
9%
218 Sebastian Schönberger
9%
177 Toms Skujins
9%
67 Albert Torres
8%
138 Andrey Zeits
8%
206 Christopher Juul-Jensen
8%
134 Fabio Felline
8%
108 Guillaume Van Keirsbulck
8%
148 Jonas Rutsch
8%
83 Kamil Gradek
8%
118 Kevin Vermaerke
8%
123 Kobe Goossens
8%
117 Martijn Tusveld
8%
137 Simone Velasco
8%
205 Amund Grøndahl Jansen
7%
135 Dmitriy Gruzdev
7%
157 Łukasz Owsian
7%
114 Nils Eekhoff
7%
145 Owainn Doull
7%
122 Sven Erik Bystrøm
7%
106 Edward Planckaert
6%
133 Joe Dombrowski
6%
164 Reinardt Janse Van Rensburg
6%
104 Alexander Krieger
5%
132 Alexandr Riabushenko
5%
Aucun quiz correspondant
Distribution des résultats
% des personnes avec chaque résultat
Percentile par nombre de réponses
Votre historique - résultats
Vous n’avez pas pris ce quiz depuis la dernière actualisation